000 01084cam a2200361 a 4500
001 5795
003 FISKH
005 20250122154043.0
008 090817r20102005nyua a 000 1 eng
010 _a 2009030200
020 _a9780439773539 (pbk. : alk. paper)
020 _a9780439773539
040 _aDLC
_cDLC
_dDLC
_beng
050 _aPZ7.W64816
082 _a813.54
100 1 _aWilhelm, Hans,
_d1945-
245 1 0 _aI won't share! /
_cby Hans Wilhelm.
246 3 _aI will not share!
250 _aThis edition first printing, May 2010
260 _aNew York :
_bScholastic,
_c2005
300 _a30 pages :
_bcolor illustrations ;
_c23 cm
490 0 _aScholastic reader. Level 1
490 0 _aNoodles
505 _aE
520 _aA dog who does not want to share a favorite toy thinks of a game that other dogs can play, too.
521 8 _a170
_bLexile
521 8 _aE
_bRaz-Plus
650 1 _aSharing
_vFiction.
650 1 _aDogs
_vFiction.
906 _a7
_bcbc
_corignew
_d1
_eecip
_f20
_gy-gencatlg
942 _2ddc
_cBK
_n0
999 _c5795
_d5795